000 00530cam a22001692a 4500
001 001306
003 AR-FADEU
008 311216nsept####xxu####################dd
100 _aPugni Reta, María Emilia
245 _aInteractividad en el Periodismo digital. Río Negro on line : análisis y propuesta
260 _bUniversidad Nacional del Comahue
260 _aNeuquén
260 _cseptiembre 2006
440 _aLicenciatura en Comunicación Social
650 _aPERIODISMO DIGITAL/COMUSOCIAL-TESIS/
942 _cFOLLETO
999 _c1793
_d1793